Bankovníctvo na Slovensku kritériá a kontext vstupu do Európskej únie

Enregistré dans:
Détails bibliographiques
Auteur principal: Korauš, Anton (Auteur)
Format: Livre
Langue:slovaque
Publié: Bratislava : Springer Verlag, 1997
Sujets:
Tags: Ajouter un tag
Pas de tags, Soyez le premier à ajouter un tag!

MARC

LEADER 00000nam a22000003a 4500
001 stu49099
005 20150617225711.5
008 990208s1997------------------------slo-d
020 |a 80-88848-17-2 
040 |a STU  |b slo 
041 0 |a slo 
080 |a 336.7 
100 1 |a Korauš, Anton  |4 aut 
245 1 |a Bankovníctvo na Slovensku kritériá a kontext vstupu do Európskej únie 
260 |a Bratislava :  |b Springer Verlag,  |c 1997 
300 |a 189 s 
650 7 |a Európska únia  |2 stusub 
650 7 |a bankové služby  |2 stusub 
996 |b 284EK82430  |c R*82430  |l RRUM  |s A  |a 24  |w stu49099_0001